The Holy Spirit unleashed in you / (Record no. 4446)

MARC details
000 -LEADER
fixed length control field 00996pam a2200277 a 4500
001 - CONTROL NUMBER
control field 4906710
003 - CONTROL NUMBER IDENTIFIER
control field GBCCL
005 - DATE AND TIME OF LATEST TRANSACTION
control field 20241126110518.0
008 - FIXED-LENGTH DATA ELEMENTS--GENERAL INFORMATION
fixed length control field 940523s1994 oruab 000 0 eng
010 ## -
-- 94025522
020 ## - INTERNATIONAL STANDARD BOOK NUMBER
International Standard Book Number 1565072456 (pbk.)
040 ## - CATALOGING SOURCE
Original cataloging agency DLC
Transcribing agency DLC
Modifying agency DLC
050 00 -
-- BS2626
-- .A78 1994
082 00 - DEWEY DECIMAL CLASSIFICATION NUMBER
Classification number 226.6007
Edition information 20
Item number ART
100 1# - MAIN ENTRY--PERSONAL NAME
Personal name Arthur, Kay,
Dates associated with a name 1933-
9 (RLIN) 1841
245 14 - TITLE STATEMENT
Title The Holy Spirit unleashed in you /
Statement of responsibility, etc. Kay Arthur.
260 ## - PUBLICATION, DISTRIBUTION, ETC.
Place of publication, distribution, etc. Eugene, Or. :
Name of publisher, distributor, etc. Harvest House,
Date of publication, distribution, etc. c1994.
300 ## - PHYSICAL DESCRIPTION
Extent 103 p. :
Other physical details ill., maps ;
Dimensions 21 cm.
490 1# - SERIES STATEMENT
Series statement International inductive study series
630 00 - SUBJECT ADDED ENTRY--UNIFORM TITLE
Uniform title Bible.
Name of part/section of a work Acts
General subdivision Study and teaching.
9 (RLIN) 8318
630 00 - SUBJECT ADDED ENTRY--UNIFORM TITLE
Uniform title Bible.
Name of part/section of a work Acts
General subdivision Criticism, interpretation, etc.
9 (RLIN) 2267
800 1# -
-- Arthur, Kay,
-- 1933-
-- International inductive study series.
-- 8149
906 ## - LOCAL DATA ELEMENT F, LDF (RLIN)
a 7
b cbc
c orignew
d 1
e ocip
f 19
g y-gencatlg
942 ## - ADDED ENTRY ELEMENTS (KOHA)
Source of classification or shelving scheme Dewey Decimal Classification
Koha item type Books
Koha issues (borrowed), all copies 5
Holdings
Withdrawn status Lost status Source of classification or shelving scheme Damaged status Not for loan Home library Current Library Shelving location Date acquired Total checkouts Full call number Barcode Date last seen Date last checked out Copy number Price effective from Koha item type
    Dewey Decimal Classification     GRACE BIBLE COLLEGE GRACE BIBLE COLLEGE Biblical Studies 2018-01-22 6 226.6007 ART 008621 2026-03-02 2026-02-23 c.1 2018-01-22 Books
© Grace Bible College Library 2025